000 00620nam a22002057a 4500
001 85727
003 BD-RjUL
005 20250916160402.0
008 250916s1959 pk ||||| |||| 00| 0 ur d
035 _a(BD-RjUL) 85727
040 _aBD-RjUL
_beng
_cBD-RjUL
041 _aurd
082 _223
_a891.4391
_bPAS 1959
100 _aپاشا، احمد شجاع ;; Pasha, Ahmed Shuja
_916921
245 1 0 _aشعلے اور گیت ;; shale or git /
_cاحمد شجاع پاشا ;; Ahmed Shuja Pasha
260 _aLahore :
_bAhsan Baradraj ,
_c1959
300 _a401 p. ;
_c19 cm
650 _aurdu poetry
942 _2ddc
_cBK
999 _c85727
_d85727